000 01088cam a22003137a 4500
001 12180449
003 OSt
005 20241007105720.0
008 000921s2000 at a b s001 0 eng d
010 _a 00690611
015 _aGBA0-Y6930
020 _a086840554X
035 _a(OCoLC)ocm43673624
040 _aUKM
_cmust
_dDLC
042 _alccopycat
050 0 0 _aTK2690
_b.G74 2000
082 0 0 _a621.31/244
_221
100 1 _aGreen, Martin A.
_911119
245 1 0 _aPower to the people :
_bsunlight to electricity using solar cells /
_cMartin Green.
260 _aSydney :
_bUniversity of New South Wales Press,
_c2000.
300 _a93 p. :
_bill. ;
_c24 cm.
504 _aIncludes bibliographical references and index.
650 0 _aSolar cells.
_919252
650 0 _aPhotovoltaic power generation.
_917679
856 4 2 _3Publisher description
_uhttp://www.loc.gov/catdir/enhancements/fy1001/00690611-d.html
906 _a7
_bcbc
_ccopycat
_d3
_encip
_f20
_gy-gencatlg
942 _2ddc
_cB_BANK
999 _c9438
_d9438